Pop culture en images - R - Statistiques

Statistiques générales
  • Ce quiz a été pris 306 fois
  • Le résultat moyen est 9 sur 16
Statistiques - réponses
Par images Réponse % Correct
Rick Sanchez
92%
Rocky Balboa
92%
Rem
90%
Rémy
86%
Rambo
83%
Rayman
80%
Rantanplan
74%
Rocket Raccoon
73%
Rapido
68%
RoboCop
66%
Ratchet
60%
Rukia
32%
Raiden Shogun
10%
Roxas
8%
Roxy Migurdia
8%
Rhadamanthe
4%
Aucun quiz correspondant
Distribution des résultats
% des personnes avec chaque résultat
Percentile par nombre de réponses
Votre historique - résultats
Vous n’avez pas pris ce quiz